000 00583nam a2200205Ia 4500
003 GCL
008 140319s9999 xx 000 0 ara d
040 _aGCL /
_cGCL
082 0 4 _a414.5
_bم ب
100 1 _aمنير سلطان
245 1 0 _aالبديع تاصيل وتجديد /
_cمنير سلطان
260 _a[S.N] :
_bمنشاة المعارف الاسلامية ،
_c1986
300 _a282 ص
490 _a
650 0 4 _aالادب العربى
650 0 4 _aالبلاغة العربية
650 0 4 _aالبديع
650 0 4 _aالطباق
942 _2ddc
_cBK
999 _c31817
_d31817